|
|
|
|
| LEADER |
00000nas a22000007a 4500 |
| 005 |
20110830112431.0 |
| 008 |
110830t1989 an wr|p|sll||f00| b1cat d |
| 035 |
|
|
|a 5714
|
| 040 |
|
|
|d vLex
|
| 090 |
|
|
|c 2298
|d 2298
|
| 110 |
1 |
|
|a Andorra.
|b Gobierno
|
| 245 |
1 |
0 |
|a Butllet ̕Oficial del Principat d'Andorra
|h [Recurso electrn̤ico]
|
| 246 |
|
|
|a BOPA
|
| 256 |
|
|
|a Servicio en ln̕ea.
|
| 260 |
|
|
|a [Andorra] :
|b BOPA
|
| 310 |
|
|
|a Semanal
|
| 650 |
0 |
4 |
|a Derecho
|x Legislacin̤
|x Publicaciones perid̤icas
|z Andorra
|
| 740 |
0 |
|
|a vLex Revistas (Servicio en ln̕ea)
|
| 856 |
4 |
0 |
|u http://vlex.com/source/butlleti-oficial-principat-andorra-5714/section/002
|z Acceso restringido
|
| 942 |
|
|
|c REV
|